Life, food and environment 2002 (Record no. 49241)

MARC details
000 -LEADER
fixed length control field 00715nam a2200169 a 4500
008 - FIXED-LENGTH DATA ELEMENTS--GENERAL INFORMATION
fixed length control field 120416s2003 ||||||||||||||||| || u
050 ## - LIBRARY OF CONGRESS CALL NUMBER
Classification number S 539.J3 Lif
245 10 - TITLE STATEMENT
Title Life, food and environment 2002
Statement of responsibility, etc. Faculty of Agriculture, Kyoto University
246 ## - VARYING FORM OF TITLE
Title proper/short title annual report of the faculty of Agriclture
260 ## - PUBLICATION, DISTRIBUTION, ETC.
Place of publication, distribution, etc. Kyoto
Name of publisher, distributor, etc. Kyoto University
Date of publication, distribution, etc. 2003
300 ## - PHYSICAL DESCRIPTION
Extent vi, 396p.
350 ## - PRICE (NR) (BK AM CF MU VM SE) [OBSOLETE]
Price 0.00
500 ## - GENERAL NOTE
General note Annual report of the Graduate School/Faculty of Agriculture, Kyoto University.
650 ## - SUBJECT ADDED ENTRY--TOPICAL TERM
Topical term or geographic name entry element AGRICULTURE--RESEARCH--JAPAN
650 ## - SUBJECT ADDED ENTRY--TOPICAL TERM
Topical term or geographic name entry element AGRICULTURE--JAPAN
995 ## - RECOMMENDATION 995 [LOCAL, UNIMARC FRANCE]
-- 0.00
-- CBU-MAIN LIBRARY (Kitwe)
-- 1
-- 0.00
-- 1
-- AVAILABLE
-- Annex Low-Usage Collection
Holdings
Withdrawn status Lost status Source of classification or shelving scheme Damaged status Not for loan Home library Current library Shelving location Date acquired Total Checkouts Full call number Barcode Date last seen Price effective from Koha item type
          CBU-MAIN LIBRARY, KITWE. CBU-MAIN LIBRARY, KITWE.   11/30/2022   S 539.J3 Lif 48440 11/30/2022 11/30/2022 MONOGRAPH